000 01044nam a22003257a 4500
003 CHAP
005 20220329140659.0
008 971013s1980 r 00010 d
010 _a55943
011 _a56915
035 _a61068
040 _cCHAP
090 _aFolleto 3696
100 0 0 _aSchel, J. H. N.
_9102948
245 _aStructural changes of wheat bran after human digestion
260 _aWageningen :
_bVeenman & Zonen,
_c1980
300 _a9 p.
_b: ilus.
490 _aMededelingen landbowhogeschool
_v; 8014
590 _aBATCH-UPD
_b10
_c20130110
_lUCH01
_h0500
590 _aBATCH-UPD
_b10
_c20130110
_lUCH01
_h2312
590 _aBATCH-UPD
_b10
_c20130410
_lUCH01
_h1603
590 _aBATCH-UPD
_b10
_c20130914
_lUCH01
_h1601
590 _aCONVERSION
_b10
_c20130109
_lUCH01
_h1330
650 1 4 _aDigestión.
_932567
650 1 4 _aTrigo
_xCascarilla
_xDigestibilidad.
_9114991
830 0 _aMededelingen landbowhogeschool
_v; 8014
_973869
901 _aBK
942 _cFOLL
949 _aFolleto 3696
_bBC
_cFOLL
_d-131327
_eTS1
_i61068
_si
999 _c55943
_d55943